Normal view
MARC view
Entry Personal Name
001 - CONTROL NUMBER
- control field: 79846
003 - CONTROL NUMBER IDENTIFIER
- control field: dpl
005 - DATE AND TIME OF LATEST TRANSACTION
- control field: 20250324115218.0
008 - FIXED-LENGTH DATA ELEMENTS
- fixed length control field: 250324|| aca||aabn | a|a d
040 ## - CATALOGING SOURCE
- Original cataloging agency: dpl
- Transcribing agency: dpl
100 ## - HEADING--PERSONAL NAME
- Personal name: M. Prakash,S. Padamavathi, B. Sunil Kumar ,J.Gokulakrishnan and G.Sathiya Narayanan
670 ## - SOURCE DATA FOUND
- Source citation: Work cat.: (dpl)210445: Prakash, m. 79845, Principal of Crop Physiology/
